[Event "Griesheim GM"]
[Site "Griesheim"]
[Date "2002.01.26"]
[Round "4"]
[White "Milov, Leonid"]
[Black "Galdunts, Sergey"]
[Result "1/2-1/2"]
[WhiteElo "2470"]
[BlackElo "2510"]
[Annotator "Gofshtein,L"]
[PlyCount "126"]
[EventDate "2002.01.23"]
[EventType "tourn"]
[EventRounds "9"]
[EventCountry "GER"]
[EventCategory "12"]
[SourceTitle "CBM 088"]
[Source "ChessBase"]
[SourceDate "2002.03.21"]
[SourceVersion "1"]
[SourceVersionDate "2002.03.21"]
[SourceQuality "1"]

1. e4 d6 2. d4 Nf6 3. Nc3 Nbd7 4. f4 e5 5. Nf3 exd4 6. Qxd4 c6 7. f5 {
Interesting move directing towards capturing more space in centre and
limitation the bishop "c8". Ordinary continuations are 7.Bc4, 7.e5 don't give
white a lot.} (7. Bc4 d5 $5 (7... Be7 8. e5 dxe5 9. fxe5 Bc5 10. Qh4 Qe7 11.
Bf4 Ng4 $5 12. Qxe7+ (12. Qxg4 Nxe5 13. Qxg7 Nxc4+ $132) 12... Kxe7 13. Ne4 Be3
14. Bg3 $14 {1/2-1/2 Kljako,D-Terreaux,G/Cannes 1992/EXT 97 (41)}) 8. exd5 Bc5
9. Qd3 O-O 10. dxc6 bxc6 $44 {1-0 Riewe,H-Schmidt Schaeffer,S/Triberg 1991/GER
(16)}) (7. e5 dxe5 8. fxe5 Bc5 9. Qh4 Nxe5 (9... Qe7 $5 10. Bf4 Bb4 $132) 10.
Nxe5 $2 Qe7 11. Bf4 Bd4 12. O-O-O $18 {[#]. 1-0 Romero Holmes,A-O'Connell,K/
Oviedo 1992/TD (16)}) (7. Be2 Qb6 8. Qxb6 axb6 9. Nd4 $14 {0-1 Djuric,S-Peyrat,
O/FRA 1993/TD (66)}) 7... Qb6 $5 {Black want to trade queens and use "e5"
square for their pieces.} (7... b5 8. Bf4 b4 $5 9. Qxb4 d5 10. Qa4 Qb6 11.
O-O-O Nc5 12. Qd4 Ncxe4 $132 {1/2-1/2 Letreguilly,O-Mensch,E/France 1997/EXT
99 (56)}) 8. Be2 {It is not good for white to open file "a" activising black
rook.} (8. Qxb6 axb6 9. Bd3 b5 10. Ne2 Nc5 $15 {0-1 Moreno Carretero,C-Bauer,C/
Salou 2000/EXT 2002 (30)}) 8... Nc5 $5 $146 {[%csl Re4][%cal Rc5e4,Rf6e4][%mdl
8] An important novelty.Black trying to press on the centre threatening by the
immediate 9...Nce4.} (8... Ng4 9. Bg5 h6 10. Bh4 Ne3 11. Qxb6 axb6 12. Kd2 Ng4
13. Nd4 $14 Nge5 14. Ndb5 $1 cxb5 15. Nd5 $18 {1-0 Smirin,I-Bauer,C/Cap d'Agde
1996/CBM 55 ext (21)}) (8... Ne5 $5 9. Be3 Qxb2 10. Rb1 Qa3 11. Nxe5 dxe5 12.
Qxe5+ Be7 13. Bd4 O-O 14. Rb3 Qc1+ 15. Bd1 $13 {1-0 Sveshnikov,E-Schmidt
Schaeffer,S/Vienna 1996/CBM 53 ext (20)}) (8... Qxd4 9. Nxd4 $14) 9. Nd2 {
[%csl Rd6][%cal Yd2c4,Yc4d6,Yc1f4]} Ncd7 $5 {[%csl Re5][%cal Yd7e5] Sufficient
defence against white's threats.} 10. Nb3 Ne5 11. Bf4 Qxd4 12. Nxd4 Be7 13.
O-O-O $14 Bd8 $5 {[%csl Rd6][%cal Yd8c7,Yc7b6,Yb6d4,Yb6a5,Ya5c3,Yc7d6] Black
transfering their bishop on more convenient place.} 14. a3 Ba5 {[%cal Ya5c3]
Calling out the weaknesses in pawn structure.} 15. b4 Bc7 16. Kb1 O-O {Black
hiding their king and free "e"- file for the rook.} 17. h3 Re8 {[%csl Re4]
[%cal Yf6e4,Ye8e4]} 18. g4 a5 $5 {[%cal Ya5b4,Ya8a1] Black try to make some
counterplay on the queenside.} 19. b5 Nfd7 {[%csl Rb6,Rc5][%cal Yd7c5,Yd7b6]
Grabbing more squares on the queenside.} 20. Na4 {[%csl Rb6,Rc5][%cal Ra4b6,
Ya4c5]} Nf6 21. Nc3 Nfd7 22. a4 {Black is not against repeating moves but
white decided to continue.} Bb6 (22... Nb6 $2 23. bxc6 bxc6 24. Bxe5 dxe5 25.
Nxc6 $18) 23. Nb3 Bc7 24. Be3 Rd8 25. Bf4 Re8 {Black has no active counterplay
and only must to wait.} 26. Rd4 Nb6 27. Rhd1 Bd7 28. R4d2 Kf8 29. Rf1 {In
spite of tremendous space advantage its hard to find weak points in black's
position.} Nbc4 {[%cal Rc4d2]} 30. Rdd1 Ke7 31. Ka2 f6 32. g5 {The attempt to
destabilize the defence of black.} Bb6 {[%cal Yb6g1]} 33. Nd4 Bc5 {[%cal Yc5a3]
} 34. Rg1 {[%cal Yg1g7]} Rg8 35. Rg3 h6 {Black want to define position on the
kingside.} 36. h4 Rad8 37. Nb3 Bb4 $6 {More natural looks 37...Bb6 keeping the
bishop on the diagonal a7-g1.} (37... Bb6 $5) 38. bxc6 bxc6 39. Nb1 hxg5 40.
hxg5 Rb8 $2 {Decisive mistake.Black rook moves towards dangerous battering of
bishop f4.} (40... d5 $8 41. exd5 cxd5 42. c3 (42. Rxd5 Bxa4 $11) 42... Bd6 43.
Rxd5 Bxa4 44. Nxa5 $14) 41. c3 Bc5 42. Bxc4 Nxc4 43. gxf6+ $4 {Tragical
replace of moves.The right way to easy win was 43.Nc5.} (43. Nxc5 $1 Rb2+ 44.
Ka1 dxc5 45. gxf6+ $18) 43... gxf6 44. N1d2 (44. Nxc5 $5 {Deserved attention
44.Nc5.} Rb2+ 45. Ka1 Rxg3 46. Bxd6+ Nxd6 47. Kxb2 $16) 44... Rxg3 45. Bxg3
Nxd2 46. Rxd2 Rg8 $5 {[%cal Rg8g1] Black activising their rook for the
counterplay.} 47. Bh2 Rg4 {[%csl Re4][%cal Yg4e4]} 48. Nxc5 dxc5 49. Bd6+ Ke8
50. Re2 Bc8 {[%cal Yc8a6,Ya6e2] Transporting the bishop to active position
black equalizing due to opposite-color bishops.} 51. Kb3 Ba6 52. Re3 Bf1 53. c4
$5 {White holding the tension.Wrong way 53.Bc5.} (53. Bxc5 $6 Bg2 54. e5 Bd5+
$11) 53... Kf7 {"Obvious" 53...Bg2 might lead to danger after:} (53... Bg2 54.
e5 fxe5 55. Rxe5+ Kd7 56. Bf8 $16 {[%csl Ya5,Yc5]}) 54. Bc7 {[%csl Ra5][%cal
Yc7a5]} Bg2 55. e5 (55. Bxa5 Bxe4 56. Bb6 Bxf5 57. a5 Bc8 $11 {[%csl Yc4][%cal
Yc8a6,Ya6c4]}) 55... fxe5 56. Bxe5 Re4 $1 {[%mdl 4096] Precise calculation
leading black the right way to draw.} 57. Rxe4 Bxe4 58. f6 Bf3 59. Bc3 Bd1+ 60.
Ka3 Be2 61. Bxa5 Kxf6 62. Bd8+ Ke6 63. Kb3 Bd1+ {Draw is clear,white has no
time to strenghten their position.} 1/2-1/2

[Event "Moscow Aeroflot op"]
[Site "Moscow"]
[Date "2002.02.09"]
[Round "7"]
[White "Vokarev, Sergey"]
[Black "Avrukh, Boris"]
[Result "1-0"]
[WhiteElo "2507"]
[BlackElo "2591"]
[Annotator "Gofshtein,L"]
[PlyCount "76"]
[EventDate "2002.02.04"]
[EventType "swiss"]
[EventRounds "9"]
[EventCountry "RUS"]
[SourceTitle "CBM 088"]
[Source "ChessBase"]
[SourceDate "2002.03.21"]
[SourceVersion "1"]
[SourceVersionDate "2002.03.21"]
[SourceQuality "1"]

1. e4 d6 2. d4 g6 3. Nc3 Bg7 4. g3 Nf6 5. Bg2 O-O 6. Nge2 e5 7. O-O Nc6 (7...
c6) 8. dxe5 dxe5 9. Bg5 Be6 10. Nd5 {[%mdl 4] White getting the pair bishops
but it doesn't gives them a real advantage.} Bxd5 11. exd5 Ne7 12. c4 Nf5 $5 {
The alternative is:12...h6,which leads to good counterplay.} (12... h6 $5 13.
Be3 (13. Bd2 Nf5 $5 (13... Nd7 14. Qc2 a5 15. Rad1 $14 {1-0 Mestel,A-Van der
Sterren,P/Marbella 1982/MCD (35)}) 14. Qb3 (14. Bc3 Re8 15. b4 e4 $132 {
1/2-1/2 Schmittdiel,E-Sznapik,A/Dortmund 1984/MCL (60)}) 14... Rb8 15. Rad1 Re8
16. Rfe1 Bf8 17. Qc2 b6 18. b3 Kh7 19. Bh3 $14 {0-1 Hansen,C-Hoi,C/Vejle 1982/
MCD (56)}) (13. Bxf6 Bxf6 14. c5 Nf5 15. Qd3 Re8 16. Be4 Nd4 $132 {1/2-1/2
Hansen,C-Rath,U/Esbjerg 1981/EXT 2000 (26)}) 13... Nf5 $5 14. Qb3 Nxe3 15. fxe3
Qd6 16. h3 Qc5 17. Kh2 Ne8 $11 {0-1 Kodela,M-Praznik,A/Ljubljana 2001/EXT 2002
(41)}) 13. Nc3 (13. Qc2 Re8 14. Rad1 h6 15. Bc1 Qe7 $14 {0-1 Stevic,H-Smirin,I/
Pula 2000/CBM 78 ext (40)}) (13. Qb3 Rb8 (13... b6 14. Rad1 Qd6 15. a3 a5 {
1/2-1/2 Sousa,J-Ferreira,A/POR 1993/TD (17)}) 14. Rad1 b6 (14... h6 15. Bc1 Qe7
$14 {1:25-1:57. 1-0 Kalinitschew,S-Poldauf,D/Rostock 1988/EXT 2002 (33)}) 15.
Qc2 h6 16. Bc1 Qd6 $132 {1-0 Popchev,M-Arsovic,G/Nis 1996/EXT 99 (42)}) 13...
h6 14. Bd2 $132 Re8 {Squares "d6" and "d4" compensating for black the absence
of pair bishops and mobility of pawn structure on Queens side.} 15. Re1 {
[%cal Ye1e5]} Qd7 16. Qa4 {White dont see how to strengthen their position and
propose to simplify the game.} Nd6 17. Rac1 Qxa4 $11 {Black transform the
position to the equal endgame.} 18. Nxa4 Rad8 19. Nc5 Nh7 {[%cal Yf7f5,Ye5e4]
Black preparing a pawn attack over the centre by means of f7-f5 and e5-e4.} 20.
b3 Nf8 {[%csl Ye6][%cal Yf8e6,Rc5e6] Covering" e6" square after future f7-f5.}
21. Nd3 {White free "c5" spot for their pawn.} f5 22. f4 $6 {[%mdl 32] Dubious
move giving to black an opportunity to close bishop on "g2". Deserves
attention 22.f3 restricting pawn advance of black in the centre.} (22. f3 $5
$14) 22... e4 23. Ne5 Nf7 {Exchanging the only active piece of white.} 24. Nxf7
Bd4+ 25. Kf1 Kxf7 26. Ke2 Nd7 {[%csl Yd3][%cal Yd7c5,Yc5d3]} 27. b4 $6 {
Contraversial and too aggresive line.White try to cover one weak points in
their position but creating another. 27.Be3 kept equality.} (27. Be3 $5 Bxe3
28. Kxe3 Nc5 29. Bf1 a5 30. Be2 $11) 27... Nb6 $1 28. Red1 {28.Be3 is too late
now.} (28. Be3 $6 Bxe3 29. Kxe3 c6 $1 30. dxc6 Rd3+ $17) 28... Na4 $5 29. Rc2
Re7 $5 {Brining their tough pieces to "d''-file,which black want to open by
means of c7-c6.} 30. Be1 Bf6 31. Bf1 Red7 32. Ke3 c6 $5 33. g4 {Too late
counterplay.} Nb6 $17 34. gxf5 (34. d6 Rxd6 35. Rxd6 Rxd6 36. c5 Nd5+ $19)
34... gxf5 35. Bh3 {[%csl Rf5][%cal Rh3f5]} cxd5 36. Bxf5 Re7 {With threat
d5-d4.} 37. cxd5 Rxd5 38. Rxd5 Nxd5+ $19 {White loosing the pawn" f4".Black
have decisive advantage but unfortunately for them they lost the game because
of time-trouble.} 1-0

[Event "Moscow Aeroflot op"]
[Site "Moscow"]
[Date "2002.02.08"]
[Round "6"]
[White "Motylev, Alexander"]
[Black "Shushpanov, Rustam"]
[Result "1/2-1/2"]
[WhiteElo "2639"]
[BlackElo "2460"]
[Annotator "Gofshtein,L"]
[PlyCount "81"]
[EventDate "2002.02.04"]
[EventType "swiss"]
[EventRounds "9"]
[EventCountry "RUS"]
[SourceTitle "CBM 088"]
[Source "ChessBase"]
[SourceDate "2002.03.21"]
[SourceVersion "1"]
[SourceVersionDate "2002.03.21"]
[SourceQuality "1"]

1. e4 {[%mdl 4]} d6 2. d4 Nf6 3. Nc3 e5 (3... c6 4. f3 e5 5. dxe5 dxe5 6. Qxd8+
Kxd8 7. Bc4 Ke8 8. Nge2 Nbd7 9. a4 a5 10. g4 Nc5 11. h4 Be6 12. Bxe6 Nxe6 13.
h5 Bc5 14. Nd1 Ke7 15. Ne3 g6 16. Nc4 Nd7 17. Bd2 b6 18. O-O-O $14 {Yudasin,
L-Hodgson,Y/Dos Hermanas/1992/}) 4. dxe5 dxe5 5. Qxd8+ Kxd8 6. Bg5 {Another
line 6.Bc4 with light advantage as tournament practice shows.} (6. Bc4 $5 Be6 (
6... Ke8 $5) 7. Bxe6 fxe6 $14 (7... fxe6 8. f3 (8. Nf3 Bd6 9. Nd2 (9. Be3 Nc6
$1 $10 {Browne,W-Gulko,B USA 1991/}) 9... Nc6 10. f3 Ke7 11. Nd1 $6 Nb4 12. Ne3
Bc5 13. Ndc4 b5 14. Nxe5 Bxe3 15. Bxe3 Nxc2+ $13 {Hodgson,J-Malaniuk,V/
Calcutta op/1993/ (19)}) 8... a6 (8... Nc6 9. Be3 Bd6 10. O-O-O Ke7 11. Nge2 a6
12. Kb1 Rhf8 13. Nc1 Na5 14. b3 Nh5 15. Nd3 Nc6 16. Rhe1 h6 17. Ne2 g5 18. c4
$14 {Turov,M-Poluljahov,A/St Petersburg 1993/TD}) (8... Bb4 9. Bd2 Ke7 10.
O-O-O Nc6 11. Nh3 (11. Nge2 Nd4 $5 $10) 11... a6 12. Nf2 Bd6 13. Ne2 h6 14. Nd3
$14 {Dorfman,J-Hickl,J/Polanica Zdroj 1993/CBM 37}) (8... Bd6 $5) (8... Bc5 9.
Na4 Bd6 10. Be3 Nbd7 (10... Nfd7 11. Nh3 Ke7 12. Nf2 Nc6 13. Nd3 Nb4 14. Nxb4
Bxb4+ 15. Ke2 $14 {Vaiser,A-Epishin,V/Novosibirsk/1993/}) 11. Nh3 Ke7 12. O-O-O
b5 13. Nc3 Rhb8 14. Nf2 {Gipslis,A-Moskalenko,V/Alushta/1993/} a6 $10) (8...
Bd6 $5) 9. Be3 Bb4 (9... Bd6 10. Nge2 (10. Nh3 Ke7 (10... Nbd7 11. Ke2 Ke7 12.
Nf2 Bc5 13. Ncd1 Rhd8 14. Bxc5+ Nxc5 15. Ne3 Nfd7 $6 (15... b5 $5) 16. Nc4 $1
h5 17. Na5 Nb8 18. b4 b6 19. Nc4 Ncd7 20. a4 $14 {Yudasin,L-Murshed,N/Yerevan
1996/EXT 97}) (10... Nc6 11. O-O-O Ke7 12. Na4 {1/2-1/2 Makarov,M-Komliakov,V/
Kemerovo 1995/CBM 49 ext (12)}) 11. Nf2 Nbd7 12. O-O-O (12. Ke2 h6 13. Rad1 {
1/2-1/2 Schmidt,W-Matlak,M/Augustow 1996/EXT 99 (13)}) 12... Rhf8 {1/2-1/2
Egin,V-Komliakov,V/Moscow 1997/EXT 2000 (12)}) 10... Ke7 11. Na4 Nbd7 12. O-O
b5 13. Nac3 Nc5 14. a3 h6 15. Nc1 Nfd7 16. Rd1 Nb6 17. Bf2 {1/2-1/2 Antonano,
A-Barranco Castillo,J/Zaragoza 1996/EXT 97 (17)}) 10. Nge2 Ke7 11. a3 Bd6 12.
Nc1 $16 {1-0 Vaisser,A-Georgiev,V/Ohrid 2001/CBM 84/} (12. O-O-O))) (6. Nf3 Bd6
7. Bc4 Ke7 $5 8. Bg5 c6 $5 (8... Be6 9. Nd5+ Bxd5 10. Bxd5 c6 11. Bb3 {Gulko,
B-Cifuentes Parada,R Novi Sad 1990/} Nbd7 $5 $10) 9. O-O-O Bc7 10. h3 Nbd7 11.
Rhe1 $132 {0-1 Kishnev,S-Azmaiparashvili,Z/Panormo 2001/CBM 84 ext (41)}) 6...
Bd6 {Another line of black defence is:6...Be6.} (6... Be6 $5 7. O-O-O+ Nbd7 8.
f4 exf4 9. Nf3 h6 10. Bxf4 c6 11. a3 $14 {Maljutin,E-Titov,G SSSR 1991/ (17)})
7. O-O-O (7. Nd5 Nbd7 8. O-O-O h6 $132) 7... h6 {Making white to define the
position of bishop.Other moves has also not bad reputation.} (7... Nbd7 8. Bc4
(8. Nf3 Ke8 9. Nb5 {1/2-1/2 Dvoirys,S-Spasov,V/Biel 1993/CBM 37 (81)} Ke7) 8...
Ke8 9. f3 h6 10. Bxf6 Nxf6 11. Nb5 Ke7 12. Nxd6 cxd6 $14 {0-1 Lederle,
V-Deglmann,L/Schwaebisch Gmuend 2000/CBM 74 ext (52)}) (7... Be6 $5 8. Nf3 Nbd7
9. Nd2 {0-1 Sanchez Jimenez,J-Barranco Castillo,J/Zaragoza 1995/EXT 97 (44)} (
9. Bh4 h6 10. Bxf6+ gxf6 11. Nh4 Bc5 12. f3 c6 $15 {Akopian,V-Cifuentes Parada,
R Buenos Aires 1991 Inf 52/125/}) (9. Bb5 Kc8 10. Bxf6 Nxf6 $14 {1/2-1/2
Moiseenko,A-Malaniuk,V/Ordzhonikidze 2001/CBM 86 no vc (19)})) 8. Bxf6+ {
The most principal.White doubling black pawns but black getting sufficient
counterplay.} (8. Bh4 Nbd7 9. Nf3 Re8 10. Nd2 g5 11. Bg3 Bb4 12. f3 Bxc3 13.
bxc3 Nh5 $132 {0-1 Enjuto Velasco,R-Rojas Sol P,P/Palencia 1999/CBM 71 ext (56)
}) 8... gxf6 9. g3 {Intending to trade bishops and weaken white squares in
black camp.} Nc6 10. Bh3 Be6 $5 {Important defence.In the case of 11.Be6 fe
black covering all weak spots and improving their pawn structure.} 11. f4 {
Continuing the struggle for centre.} exf4 $5 {Black opening position in order
to use the pair of their bishops in future.} 12. gxf4 Ke8 13. f5 $8 Bc4 14. Nf3
Ne5 $132 {[%csl Re5] Black equalizing because of gaining the important spot
"e5".} 15. Nd2 c6 {[%csl Rd5][%cal Rc6d5] Covering "d5" spot from jump Nc3-d5.}
16. Rdg1 {[%cal Yg1g8]} (16. Nxc4 Nxc4 17. b3 Bf4+) 16... Ke7 17. Rg3 Rag8 18.
Rhg1 Rg5 $15 {Black doesn't want to give up the file "g" for white rooks.White
has some problems and must play carefully.} 19. Bf1 $5 {White try to change
their bad bishop in order to reduce the pressure.} Bxf1 20. Rxf1 (20. Nxf1 Nf3
$5 $17) 20... Ng4 21. Rd3 Nxh2 22. Rd1 Bf4 $2 {Too impulsive. It was necessary
22...Rd8 not giving to white the opportunity to capture the "d"-file.} (22...
Rd8 $5 23. Ne2 Bc7) 23. Ne2 Bc7 (23... Be5 24. Nc4 $36 {[%cal Rd3d7]}) 24. Nf3
$5 {[%mdl 8192] Unexpected and unpleasant blow.The initiative goes to white
again.} Nxf3 25. Rd7+ Kf8 26. Rxc7 Rg4 27. Rxb7 h5 {[%mdl 256] The only way of
active defence.} 28. Rxa7 h4 29. Rf1 {If 29.Ra3 black would get counterplay.} (
29. Ra3 Rxe4 (29... Ne5 30. Rh3 Rxe4 $44) 30. Rd8+ Kg7 31. Rxh8 Kxh8 32. Rxf3
Rxe2 33. Rh3 Re4 $44) 29... Ng5 30. Ra8+ {Pawn "h" is very dangerous,so rook
h8 must be changed.} Kg7 31. Rxh8 Kxh8 32. Rf4 $5 {Changing second active
black rook and keep fighting against pawn "h" having the pawn"a" in a pocket.}
(32. Nc3 h3 $44) 32... Rxf4 33. Nxf4 Nxe4 $132 {Avoiding the trap after 33...
h3?} (33... h3 $2 34. Nxh3 Nxh3 35. a4 Ng1 36. a5 Ne2+ 37. Kd2 Nd4 38. Kc3 $18)
34. Kd1 {Moving the King towards pawn"h".Another option 34.a4 also would gave
black good chances to draw.} (34. a4 Kg7 35. a5 Nc5 36. Kd2 Kh6 37. Ke3 Kg5 38.
Nd3 Na6 39. b4 Kxf5 40. c4 Nc7 $132) 34... Kg7 35. Ke2 Nd6 {[%csl Rf5][%cal
Rd6f5]} 36. Kf3 Nxf5 37. Kg4 {White decided not to risk and change pawn "c" to
pawn" h".} Ne3+ 38. Kxh4 Nxc2 39. a4 Kf8 $11 40. a5 Nb4 41. Kg4 {In final
position both sides not risk to loose.} 1/2-1/2

[Event "Corus-B"]
[Site "Wijk aan Zee"]
[Date "2002.01.20"]
[Round "5"]
[White "Yu, Shaoteng"]
[Black "Cuijpers, Frans Andre"]
[Result "1-0"]
[WhiteElo "2522"]
[BlackElo "2458"]
[Annotator "Gofshtein,L"]
[PlyCount "49"]
[EventDate "2002.01.15"]
[EventType "tourn"]
[EventRounds "11"]
[EventCountry "NED"]
[EventCategory "11"]
[SourceTitle "CBM 087"]
[Source "ChessBase"]
[SourceDate "2002.03.21"]
[SourceVersion "1"]
[SourceVersionDate "2002.03.21"]
[SourceQuality "1"]

1. e4 {[%mdl 644]} d6 2. d4 Nf6 3. Nc3 g6 4. Be3 c6 5. Qd2 b5 6. Bd3 Nbd7 7.
Nf3 e5 8. O-O (8. a4 $6 b4 9. Ne2 exd4 10. Nexd4 c5 11. Ne2 Bb7 $132) (8. dxe5
{It is main line}) 8... b4 $6 {This move is very dubious.Black begins
counterplay without having development;} 9. Ne2 exd4 $2 {This move gives white
strong initiative .Better was 9...a5} (9... a5 10. c3 $36) 10. Nexd4 c5 11. e5
$1 {White opens position triying to use better development.} dxe5 (11... cxd4
12. exf6 dxe3 13. Qxe3+ $18) 12. Nc6 Qb6 (12... Qc7 13. Ncxe5 $1 Nxe5 14. Nxe5
Qxe5 15. Rae1 $1 Be7 (15... Be6 16. Bg5 Qd4 17. Bxf6 $18) 16. Bb5+ Bd7 17.
Bxd7+ Nxd7 18. Bg5 $18) 13. Ncxe5 Nxe5 {may be better was13...Bg7} (13... Bg7
14. Nc4 Qc6 15. Nfe5 (15. Nce5 Qd5 16. Bh6 O-O) 15... Qd5 16. Bh6 O-O $14) 14.
Nxe5 Bg7 15. Nc4 Qc6 16. Na5 Qc7 17. Bb5+ Bd7 18. Bf4 Qxa5 19. Rfe1+ Kf8 (19...
Kd8 $2 20. Bxd7 Nxd7 21. Qd5 $18) 20. Bxd7 Rd8 $2 {This is decisive mistake.
Right way is 20...Nd7 and black would have good chances for the defence.} (
20... Nxd7 $5 21. Qxd7 Qd8 22. Qc6 Bxb2 23. Qxc5+ Kg7 $14) 21. Re7 $1 Kg8 22.
Rae1 {White activates his rook and makes stronger the pressure of his pieces.}
Nxd7 {Black tries to decrease the pressure of white.} (22... h6 23. Rxf7 $1
Rxd7 (23... Kxf7 24. Be6+ Kf8 25. Bd6+ Ke8 26. Qd3 $18 {[%csl Rg6][%cal Rd3g6]}
) 24. Rxd7 Nxd7 25. Qd5+ Kh7 26. Qxd7 $16) (22... Qxa2 23. Be6 Rxd2 24. Bxa2
$18) (22... Bf8 23. Rxf7 $18) 23. Rxd7 Rf8 24. Qd5 $18 Bf6 25. Bh6 1-0